1184 1177 1948 1327 1665 1478 1088 1188 1970 1304 1943 1709 1152 1812 1865 1710 1730 1838 1402 1449 1630 1365 1768 1599 1398 1820 1349 1477 1515 1199 1811 1429 1796 1218 1431 1265 1594 1778 1184 1100 1280 1924 1449 1131 1688 1344 1239 1038 1040 1233 1924 1533 1129 1881 1688 1897 1901 1597 1219 1314 1058 1405 1433 1332 1700 1945 1064 1141 1788 1508 1003 1444 1223 1253 1770 1350 1227 1124 1197 1132 1021 1521 1555 1280 1685 1819 1191 1592 1304 1858 1413 1901 1963 1300 1482 1057 1510 1590 1241 BCNSPRNW ULIB Ver.6.0+V

เปลี่ยนเป็นภาษาไทย

Change to English
 แสดงรายละเอียดบรรณานุกรม
  กลับหน้าหลัก

Brief Record : Get Marc (ISO 2709) : E-mail record : QR code < ปิดหน้าต่าง
LEADER : 00000nam 2200000uu 4500
001    13399121079
003     ULIB
008    020711s2553 th a 000 0 tha d
020    9786167123110
090    นว.^bพ729ป
100    พิมมาตา
245    ปราการใจ
260    กรุงเทพฯ :^bกรีนมายด์,^c2553
300    307 หน้า
945    ^p229^l0^i19551
999    ^aทศพร เกษรทอง
รายการนี้ยังไม่มีแท็ก
คุณยังไม่ได้ล็อกอิน คุณสามารถมีกิจกรรมร่วมกับเว็บไซต์ได้ แต่ต้องล็อกอินก่อน ::
  ล็อกอิน

รายการสื่อสารสนเทศ

ลำดับที่ ประเภท เลขเรียก/บาร์โค้ด สถานที่ สถานะ
1. นวนิยาย
นวนิยาย
นว. พ729ป  
  Barcode: 19551
ห้องสมุดวิทยาเขตสวรรค์ประชารักษ์
►นวนิยาย
บนชั้น
  ขอยืม

BibComment


ยังไม่เคยถูกคอมเมนท์

คอมเมนท์ทรัพยากรรายการนี้
  คอมเมนท์: ปราการใจ


 Copyright 2026. Bcnsprnw @Library